[Event "SR 4. liga A21 2012/2013"]
[Site "?"]
[Date "2013.03.03"]
[Round "10.6"]
[White "Lackovic, Marek"]
[Black "Orvisky, Vladimir"]
[Result "1-0"]
[WhiteElo "1552"]
[BlackElo "1838"]
[PlyCount "99"]
[EventDate "2012.??.??"]

1. e4 Nf6 2. Nc3 e5 3. Nf3 d6 4. Bc4 Be7 5. h3 c6 6. d4 exd4 7. Qxd4 O-O 8. O-O
Nbd7 9. Bf4 Qc7 10. Rad1 b5 11. Be2 Ne8 12. Bg5 f6 13. Bh4 Bb7 14. Rfe1 Kh8 15.
Qe3 b4 16. Nb1 c5 17. Bc4 Nb6 18. Be6 Qd8 19. c3 a5 20. c4 Nc7 21. Bd5 Ncxd5
22. exd5 Re8 23. b3 a4 24. Nbd2 Bf8 25. Qd3 Rxe1+ 26. Rxe1 axb3 27. axb3 Ra3
28. Qe4 Ra8 29. Bg3 Qc7 30. Nh4 Rd8 31. f4 Bc8 32. Bf2 Bd7 33. Qd3 Nc8 34. g4
Ne7 35. f5 Kg8 36. Ng2 Qa7 37. Nf4 Ra8 38. Ne6 Be8 39. Bg3 Qa6 40. Nxf8 Kxf8
41. Qe3 Ng8 42. Ne4 Rd8 43. Nxd6 Bd7 44. Qxc5 Ne7 45. Rxe7 Kxe7 46. Nc8+ Kf7
47. Qe7+ Kg8 48. Qxd8+ Kf7 49. Qxd7+ Kf8 50. Qe7+ 1-0

[Event "SR 4. liga A21 2012/2013"]
[Site "?"]
[Date "2013.03.03"]
[Round "10.6"]
[White "Miskev, Martin"]
[Black "Podjavorinsky, Michal"]
[Result "0-1"]
[WhiteElo "1205"]
[BlackElo "1681"]
[PlyCount "102"]
[EventDate "2012.??.??"]

1. e4 d5 2. exd5 Qxd5 3. Nc3 Qa5 4. Nf3 Nf6 5. d4 c6 6. Bd3 Bg4 7. Be2 e6 8.
O-O Bd6 9. Re1 O-O 10. Qd3 Qc7 11. g3 Bf5 12. Qd1 Nbd7 13. b3 a6 14. a4 c5 15.
dxc5 Bxc5 16. a5 Bb4 17. Na4 Bxc2 18. Qd4 Bxe1 19. Nxe1 Bxb3 20. Nb2 Qe5 21.
Qd2 Rfd8 22. Ned3 Qf5 23. Qe3 Bd5 24. Ra4 Ne4 25. Nf4 Rac8 26. Nbd3 Nc3 27. Rb4
Nxe2+ 28. Qxe2 Bc4 29. Bb2 Bxd3 30. Nxd3 Nc5 31. Ne5 Nd3 32. Nxd3 Rxd3 33. Rf4
Qd5 34. Qe4 Qxe4 35. Rxe4 Rc5 36. Ra4 Rdd5 37. Rb4 Rb5 38. Rc4 h6 39. Bc3 Rdc5
40. Rxc5 Rxc5 41. Bb4 Rb5 42. Bc3 Kf8 43. Kf1 f6 44. Ke2 b6 45. axb6 Rxb6 46.
h3 Ke7 47. Kd3 Kd6 48. Kd4 e5+ 49. Ke4 g6 50. h4 Rb3 51. Bd2 f5# 0-1

[Event "SR 4. liga A21 2012/2013"]
[Site "?"]
[Date "2013.03.17"]
[Round "11.1"]
[White "Dzurjaninova, Hana"]
[Black "Pripko, Bystrik"]
[Result "0-1"]
[WhiteElo "1592"]
[BlackElo "1815"]
[PlyCount "66"]
[EventDate "2012.??.??"]

1. e4 e5 2. Nf3 Nc6 3. d4 exd4 4. Nxd4 Nxd4 5. Qxd4 d6 6. Nc3 Nf6 7. Bg5 Be7 8.
Be2 O-O 9. O-O h6 10. Bh4 a6 11. Rad1 Nd7 12. Bxe7 Qxe7 13. Nd5 Qd8 14. Ne3 Ne5
15. f4 Nc6 16. Qc3 Qe7 17. Bf3 Rb8 18. Nd5 Qd8 19. e5 dxe5 20. fxe5 Bd7 21. Nb4
Qe8 22. Nxc6 Bxc6 23. Bxc6 Qxc6 24. Rf3 Qb6+ 25. Kf1 Rbe8 26. Rd7 Qb5+ 27. Rfd3
Rxe5 28. Rxc7 Rf5+ 29. Kg1 Qb6+ 30. Rd4 Rd5 31. Rcc4 Rfd8 32. Rb4 Qa7 33. Qc7
Rxd4 0-1

[Event "SR 4. liga A21 2012/2013"]
[Site "?"]
[Date "2013.03.17"]
[Round "11.1"]
[White "Fajnor, Dusan"]
[Black "Galba, Juraj"]
[Result "1-0"]
[WhiteElo "1000"]
[BlackElo "1000"]
[PlyCount "75"]
[EventDate "2012.??.??"]

1. e4 e5 2. f4 exf4 3. Nf3 d6 4. Be2 Nc6 5. d3 Bg4 6. Bxf4 Bxf3 7. Bxf3 Ne5 8.
Nd2 Nf6 9. Qe2 h6 10. Nb3 Nxf3+ 11. Qxf3 Be7 12. Nd4 Nh7 13. Qf2 O-O 14. O-O
Bf6 15. Nf5 a6 16. Qg3 Bg5 17. h4 Bf6 18. Bxh6 Be5 19. Qg4 g6 20. Rae1 Nf6 21.
Qg5 Nh7 22. Qxd8 Rfxd8 23. Ne7+ Kh8 24. Rxf7 Bf6 25. Nxg6+ Kg8 26. Rxc7 b5 27.
Ne7+ Kh8 28. Nf5 Nf8 29. c3 Rd7 30. Rxd7 Nxd7 31. g3 Ne5 32. Rd1 Rg8 33. Kg2
Ng4 34. Kf3 Ne5+ 35. Ke2 Kh7 36. Bf4 Kg6 37. Bxe5 Bxe5 38. Ne7+ 1-0

[Event "SR 4. liga A21 2012/2013"]
[Site "?"]
[Date "2013.03.17"]
[Round "11.1"]
[White "Kupkovic, Miroslav"]
[Black "Lackovic, Marek"]
[Result "1/2-1/2"]
[WhiteElo "1799"]
[BlackElo "1552"]
[PlyCount "83"]
[EventDate "2012.??.??"]

1. Nf3 d5 2. c4 c6 3. b3 e6 4. Bb2 Nf6 5. e3 Nbd7 6. Be2 dxc4 7. bxc4 a6 8. O-O
b5 9. d4 Bb7 10. c5 Be7 11. Qc2 O-O 12. Nbd2 Qc7 13. h3 a5 14. Ng5 h6 15. Nge4
Nxe4 16. Nxe4 Nf6 17. f4 Ba6 18. Nd2 Nd5 19. Rf3 b4 20. Bxa6 Rxa6 21. Nc4 Rb8
22. g3 Qb7 23. e4 Nc7 24. Nb6 Rd8 25. Rd3 Na8 26. Nxa8 Raxa8 27. Qc4 Rab8 28.
Rdd1 Bf6 29. e5 Be7 30. Bc1 Rd5 31. Be3 Rbd8 32. Rdb1 f6 33. a3 Rb8 34. axb4
axb4 35. Rb3 Bd8 36. Rab1 Ba5 37. R1b2 Kf7 38. Rb1 g5 39. R1b2 gxf4 40. gxf4
Rg8+ 41. Kh2 f5 42. Ra2 1/2-1/2

[Event "SR 4. liga A21 2012/2013"]
[Site "?"]
[Date "2013.03.17"]
[Round "11.1"]
[White "Piestansky, Jan"]
[Black "Sottnik, Filip"]
[Result "1/2-1/2"]
[WhiteElo "1588"]
[BlackElo "1503"]
[PlyCount "94"]
[EventDate "2012.??.??"]

1. e4 e5 2. Nf3 Nc6 3. Bc4 Bc5 4. c3 Nf6 5. d3 d6 6. h3 Qe7 7. Be3 Be6 8. Bb5
Bd7 9. Ba4 h6 10. Qe2 Na5 11. Bc2 Bxe3 12. fxe3 Nh5 13. Qf2 O-O 14. Nbd2 b5 15.
Nb3 Nc6 16. a3 a5 17. O-O Nf6 18. Nh4 Nh7 19. Nf5 Qg5 20. Qg3 Qxg3 21. Nxg3 Ne7
22. Rf2 c5 23. Nd2 Ng5 24. Nf3 Nxf3+ 25. Rxf3 f6 26. Nf5 Nxf5 27. exf5 Rfb8 28.
d4 b4 29. Bb3+ Kf8 30. Bd5 Ra7 31. axb4 cxb4 32. cxb4 Rxb4 33. dxe5 dxe5 34. b3
a4 35. bxa4 Rbxa4 36. Rxa4 Rxa4 37. e4 Bb5 38. Re3 Rd4 39. Kf2 Rd2+ 40. Kg1
Rd1+ 41. Kh2 Rd2 42. Rc3 Ke7 43. Rc7+ Bd7 44. Ra7 Kd8 45. Ra8+ Bc8 46. Ra7 Bd7
47. Ra8+ Bc8 1/2-1/2

[Event "SR 4. liga A21 2012/2013"]
[Site "?"]
[Date "2013.03.17"]
[Round "11.1"]
[White "Slezak, Vladimir"]
[Black "Vagovic, Milan"]
[Result "0-1"]
[WhiteElo "1527"]
[BlackElo "1725"]
[PlyCount "86"]
[EventDate "2012.??.??"]

1. d4 d5 2. Nc3 e6 3. Nf3 Nf6 4. Bf4 a6 5. e3 Bd6 6. Bxd6 cxd6 7. Bd3 O-O 8.
O-O Re8 9. Re1 e5 10. dxe5 dxe5 11. e4 d4 12. Na4 b5 13. Nc5 Qd6 14. b4 Nbd7
15. Nxd7 Bxd7 16. a3 Rac8 17. Nd2 h6 18. Nb3 Be6 19. Nc5 Bc4 20. Qe2 Bxd3 21.
cxd3 Nd7 22. Nxd7 Qxd7 23. Rac1 Rc3 24. Rxc3 dxc3 25. Rc1 Rc8 26. g3 Qd4 27.
Kg2 Rd8 28. Rd1 g6 29. Kf3 f5 30. Qe3 fxe4+ 31. Qxe4 Rf8+ 32. Kg4 Kg7 33. Qxd4
exd4 34. f4 Re8 35. Kf3 Kf6 36. g4 g5 37. f5 Re3+ 38. Kf2 h5 39. gxh5 Kxf5 40.
Rf1 g4 41. h4 Rf3+ 42. Ke1 Rxf1+ 43. Kxf1 c2 0-1

[Event "SR 4. liga A21 2012/2013"]
[Site "?"]
[Date "2013.03.17"]
[Round "11.2"]
[White "Celustkova, Lubica"]
[Black "Krchnak, Rudolf"]
[Result "0-1"]
[WhiteElo "1611"]
[BlackElo "1857"]
[PlyCount "60"]
[EventDate "2012.??.??"]

1. e4 d6 2. d4 Nf6 3. Nc3 c6 4. Be3 Qa5 5. Qd2 Nbd7 6. Be2 e5 7. f4 Be7 8. g4
h6 9. g5 hxg5 10. fxg5 Nh5 11. Nf3 Ng3 12. Rg1 Nxe2 13. Qxe2 Nf8 14. O-O-O Ng6
15. Qc4 Be6 16. d5 Bd7 17. dxc6 bxc6 18. Bd2 Qb6 19. Na4 Qc7 20. b3 Be6 21. Qe2
O-O-O 22. Bc3 Rh3 23. Rdf1 Qb7 24. Bb2 Nf4 25. Qd2 Qb5 26. Kb1 Rdh8 27. Rg3 g6
28. Rxh3 Rxh3 29. Rg1 Rh5 30. Nc3 Qb6 0-1

[Event "SR 4. liga A21 2012/2013"]
[Site "?"]
[Date "2013.03.17"]
[Round "11.2"]
[White "Nemeckay, Rastislav"]
[Black "Bjel, Lubos"]
[Result "1-0"]
[WhiteElo "1980"]
[BlackElo "1668"]
[PlyCount "91"]
[EventDate "2012.??.??"]

1. e4 e6 2. Qe2 c5 3. Nf3 Nf6 4. g3 b6 5. Bg2 Bb7 6. e5 Nd5 7. O-O d6 8. Rd1
dxe5 9. Nxe5 Bd6 10. c4 Qc7 11. Nxf7 Qxf7 12. cxd5 e5 13. d4 cxd4 14. Rxd4 O-O
15. Rd1 Nd7 16. Nc3 Rad8 17. Ne4 Nc5 18. Ng5 Ba6 19. Qc2 Qg6 20. Qxg6 hxg6 21.
Be3 Bc8 22. Ne4 Bf5 23. Nxd6 Rxd6 24. Bxc5 bxc5 25. Rac1 Rb8 26. b3 Rb5 27. Bf1
Ra5 28. a4 Be4 29. Bc4 Bf3 30. Rd2 g5 31. Re1 e4 32. Re3 g4 33. Bb5 Kf7 34. Rc3
a6 35. Bc6 Kf6 36. Rdc2 e3 37. fxe3 Bxd5 38. Bxd5 Rxd5 39. Kf2 Rh5 40. Ke1 Ke5
41. Rc4 Rg5 42. Rf4 g6 43. Kf2 Rh5 44. Kg1 Rg5 45. Rcc4 Rf5 46. Rxg4 1-0

[Event "SR 4. liga A21 2012/2013"]
[Site "?"]
[Date "2013.03.17"]
[Round "11.2"]
[White "Orvisky, Vladimir"]
[Black "Klimes, Karel"]
[Result "1-0"]
[WhiteElo "1838"]
[BlackElo "1724"]
[PlyCount "69"]
[EventDate "2012.??.??"]

1. c4 e5 2. Nc3 Nf6 3. Nf3 Nc6 4. g3 d6 5. Bg2 Be7 6. O-O O-O 7. d4 exd4 8.
Nxd4 Nxd4 9. Qxd4 c6 10. Bf4 Qb6 11. Qd2 Be6 12. b3 Qa5 13. Nd5 Qxd2 14. Nxe7+
Kh8 15. Bxd2 Rfe8 16. Nxc6 d5 17. Nd4 dxc4 18. Nxe6 Rxe6 19. e3 Rd8 20. Bc3 b5
21. bxc4 bxc4 22. Rfd1 Rd3 23. Rxd3 cxd3 24. Rd1 Rd6 25. Bd4 Ra6 26. Rd2 Ra3
27. Bc5 Rc3 28. Bxa7 h6 29. a4 Ra3 30. Bc6 Rc3 31. Bb5 Ne4 32. Rxd3 Rc1+ 33.
Kg2 Rc2 34. Rd8+ Kh7 35. Bd3 1-0

[Event "SR 4. liga A21 2012/2013"]
[Site "?"]
[Date "2013.03.17"]
[Round "11.2"]
[White "Podjavorinsky, Michal"]
[Black "Nemeckay, Dominik"]
[Result "1/2-1/2"]
[WhiteElo "1681"]
[BlackElo "1424"]
[PlyCount "43"]
[EventDate "2012.??.??"]

1. e4 e5 2. Nf3 Nc6 3. d4 exd4 4. Nxd4 Qh4 5. Qd3 Nf6 6. Nxc6 dxc6 7. Nd2 Be6
8. Qg3 Qxg3 9. hxg3 O-O-O 10. Bd3 Bb4 11. a3 Ba5 12. O-O Bxd2 13. Bxd2 Bc4 14.
Bg5 Bxd3 15. Bxf6 Bxf1 16. Bxd8 Rxd8 17. Kxf1 Rd4 18. Re1 Rd2 19. Re2 Rd1+ 20.
Re1 Rd2 21. Rc1 Rd4 22. Re1 1/2-1/2

[Event "SR 4. liga A21 2012/2013"]
[Site "?"]
[Date "2013.03.17"]
[Round "11.2"]
[White "Tomasovic, Roman"]
[Black "Holan, Jaroslav"]
[Result "1-0"]
[WhiteElo "1277"]
[BlackElo "1474"]
[PlyCount "52"]
[EventDate "2012.??.??"]

1. d4 Nf6 2. c4 e5 3. d5 Bc5 4. Nc3 Ng4 5. e3 d6 6. Nf3 f5 7. h3 Nf6 8. Be2 e4
9. Nh2 O-O 10. Na4 Bb4+ 11. Bd2 Bxd2+ 12. Qxd2 Nbd7 13. O-O-O b6 14. g4 Ne5 15.
Rhg1 fxg4 16. hxg4 g5 17. Nc3 Ba6 18. b3 Nfd7 19. Nxe4 h6 20. f3 Nf6 21. Ng3
Bc8 22. Qc2 Kg7 23. f4 Nfxg4 24. Nxg4 Qe7 25. Nf6 Rxf6 26. Nh5+ Kf8 1-0

[Event "SR 4. liga A21 2012/2013"]
[Site "?"]
[Date "2013.03.17"]
[Round "11.3"]
[White "Blanarik, Dominik"]
[Black "Hrubsa, Marian"]
[Result "1-0"]
[WhiteElo "1538"]
[BlackElo "1820"]
[PlyCount "125"]
[EventDate "2012.??.??"]

1. e4 e6 2. d4 d5 3. e5 c5 4. Nf3 Nc6 5. Nc3 cxd4 6. Nxd4 Nxe5 7. Bb5+ Bd7 8.
Qh5 Ng6 9. Bg5 Be7 10. Bxe7 Qxe7 11. Bd3 Nf6 12. Qe2 O-O 13. g3 Qb4 14. Nb3 e5
15. a3 Qd6 16. O-O-O a6 17. f3 b5 18. h4 b4 19. axb4 Qxb4 20. h5 Ne7 21. Qxe5
Nc6 22. Nxd5 Nxe5 23. Nxb4 a5 24. Na2 Nxf3 25. Nc5 Bc6 26. Nc3 Ng5 27. Rh4 Bf3
28. Be2 Bc6 29. h6 Rad8 30. hxg7 Rxd1+ 31. Kxd1 Kxg7 32. Bd3 Re8 33. Rc4 Bf3+
34. Ne2 Nd5 35. Kd2 Ne3 36. Ra4 Bc6 37. Rxa5 Nf3+ 38. Kc1 Rd8 39. b4 Bd5 40. b5
Bc4 41. b6 Ne5 42. Ne6+ Bxe6 43. Rxe5 Nd5 44. b7 Rb8 45. Be4 Kf6 46. Rxd5 Bxd5
47. Bxd5 Ke5 48. c4 f6 49. Nf4 Kd6 50. Kc2 Re8 51. Ne6 Rb8 52. Kc3 Rg8 53. Ng5
Re8 54. Nxh7 Kc7 55. Nxf6 Re3+ 56. Kd4 Rxg3 57. c5 Rg1 58. c6 Rd1+ 59. Kc5 Rc1+
60. Bc4 Rg1 61. Ne8+ Kb8 62. Kb6 Rg6 63. Nc7 1-0

[Event "SR 4. liga A21 2012/2013"]
[Site "?"]
[Date "2013.03.17"]
[Round "11.3"]
[White "Damborsky, Pavol"]
[Black "Kubik, Peter"]
[Result "0-1"]
[WhiteElo "1794"]
[BlackElo "1862"]
[PlyCount "94"]
[EventDate "2012.??.??"]

1. e4 e5 2. Nf3 Nc6 3. Bc4 Nf6 4. d3 h6 5. Nc3 Bc5 6. h3 O-O 7. a3 d6 8. Ne2 a5
9. Ng3 d5 10. exd5 Nxd5 11. O-O Be6 12. Ne4 Ba7 13. c3 Kh8 14. Bd2 Nf4 15. Bxf4
exf4 16. Qb3 Bxc4 17. Qxc4 Qd7 18. d4 Rfe8 19. Rfe1 Re7 20. Nc5 Bxc5 21. dxc5
Rxe1+ 22. Rxe1 Qf5 23. Nd4 Nxd4 24. cxd4 f3 25. Qc3 fxg2 26. Kxg2 Rd8 27. Re5
Qg6+ 28. Kh2 b6 29. Qe3 Qf6 30. cxb6 cxb6 31. Re8+ Rxe8 32. Qxe8+ Kh7 33. Qe4+
g6 34. f4 Qe6 35. Qxe6 fxe6 36. Kg3 Kg7 37. Kf3 Kf6 38. Ke4 a4 39. h4 h5 40. d5
exd5+ 41. Kxd5 Kf5 42. Kc6 Kg4 43. Kxb6 Kxh4 44. Kb5 Kg4 45. Kxa4 h4 46. b4 h3
47. b5 h2 0-1

[Event "SR 4. liga A21 2012/2013"]
[Site "?"]
[Date "2013.03.17"]
[Round "11.3"]
[White "Kovarik, Oto"]
[Black "Hudacek, Josef"]
[Result "0-1"]
[WhiteElo "1979"]
[BlackElo "2067"]
[PlyCount "136"]
[EventDate "2012.??.??"]

1. e4 c5 2. Nf3 d6 3. d4 cxd4 4. Nxd4 Nf6 5. Nc3 a6 6. Be2 e6 7. Be3 Be7 8. O-O
O-O 9. h3 Qc7 10. a4 Nc6 11. Qd2 Rd8 12. Nxc6 bxc6 13. a5 c5 14. f4 Rb8 15. b3
d5 16. e5 d4 17. exf6 dxc3 18. Qe1 Bxf6 19. Qf2 Be7 20. Bc4 g6 21. g4 Bb7 22.
Be2 Bd6 23. Qe1 Bf8 24. Kh2 g5 25. Kg1 Bd6 26. Qf2 gxf4 27. Bxf4 Bxf4 28. Qxf4
Qxf4 29. Rxf4 Rd2 30. Bd3 Rg2+ 31. Kf1 Rh2 32. Ke1 Rxh3 33. Ke2 Rh2+ 34. Rf2
Rxf2+ 35. Kxf2 Rd8 36. Rg1 Rd4 37. Rg3 Kg7 38. Be2 Rf4+ 39. Ke1 Re4 40. Rxc3
Re5 41. Kf2 h6 42. Rc4 Kg6 43. b4 cxb4 44. Rxb4 Ba8 45. Rb8 Be4 46. Bxa6 Rxa5
47. Bd3 Bxd3 48. cxd3 Ra4 49. Kf3 Rd4 50. Rb3 e5 51. Rb8 f6 52. Rg8+ Kf7 53.
Ra8 Rxd3+ 54. Ke4 Rd4+ 55. Kf3 Rd7 56. Rb8 Kg6 57. Rg8+ Rg7 58. Rh8 Kg5 59. Ke4
Rg6 60. Rh7 Kxg4 61. Rh8 h5 62. Ke3 f5 63. Kf2 h4 64. Kg2 e4 65. Kh2 e3 66. Re8
f4 67. Kg2 h3+ 68. Kh2 Kf3 0-1

[Event "SR 4. liga A21 2012/2013"]
[Site "?"]
[Date "2013.03.17"]
[Round "11.3"]
[White "Vach, Jozef"]
[Black "Dubecky, Ladislav"]
[Result "1-0"]
[WhiteElo "1793"]
[BlackElo "1557"]
[PlyCount "90"]
[EventDate "2012.??.??"]

1. d4 Nf6 2. c4 e6 3. Nf3 Be7 4. Nc3 O-O 5. e4 d5 6. e5 Nfd7 7. cxd5 Nb6 8.
dxe6 Bxe6 9. Be3 Nd5 10. Nxd5 Bxd5 11. Be2 Bb4+ 12. Bd2 Bxf3 13. Bxb4 Bxe2 14.
Qxe2 Re8 15. Bc3 Qd5 16. O-O Nc6 17. Qg4 Re6 18. f4 Rg6 19. Qf3 Ne7 20. f5 Qxf3
21. Rxf3 Ra6 22. a3 Nd5 23. Kf2 b5 24. b4 Rc6 25. Rc1 a5 26. bxa5 Rxa5 27. Bxa5
Rxc1 28. Rb3 c6 29. a4 Ra1 30. axb5 Rxa5 31. bxc6 Ra8 32. Kf3 Kf8 33. Ke4 Nc7
34. Rb7 Rc8 35. d5 g6 36. g4 Na6 37. Kd4 gxf5 38. gxf5 h6 39. Kc4 Ke8 40. Ra7
Nb8 41. Kc5 Rd8 42. e6 fxe6 43. fxe6 Rc8 44. Rh7 Na6+ 45. Kd6 Nb4 1-0

[Event "SR 4. liga A21 2012/2013"]
[Site "?"]
[Date "2013.03.17"]
[Round "11.3"]
[White "Vogl, Zdenek"]
[Black "Cerovsky, Marian"]
[Result "1/2-1/2"]
[WhiteElo "1945"]
[BlackElo "1764"]
[PlyCount "65"]
[EventDate "2012.??.??"]

1. e4 e5 2. Nf3 Nc6 3. Bb5 a6 4. Ba4 b5 5. Bb3 Bc5 6. O-O Qf6 7. d3 h6 8. Be3
Bb6 9. Nc3 Nge7 10. Nd5 Nxd5 11. exd5 Ne7 12. Bxb6 cxb6 13. Qe2 d6 14. Qe3 Rb8
15. Rfe1 Nf5 16. Qd2 O-O 17. a4 bxa4 18. Rxa4 a5 19. Rae4 g5 20. d4 exd4 21.
Nxd4 Nxd4 22. Rxd4 Bf5 23. c3 b5 24. Bc2 Bxc2 25. Qxc2 Rfc8 26. Rd3 Rc5 27. Rf3
Qg7 28. Qf5 b4 29. cxb4 axb4 30. h3 Rc7 31. Rb3 Qd4 32. Ree3 Rc1+ 33. Kh2
1/2-1/2

[Event "SR 4. liga A21 2012/2013"]
[Site "?"]
[Date "2013.03.17"]
[Round "11.4"]
[White "Capanda, Jan"]
[Black "Buran, Andrej ml"]
[Result "1-0"]
[WhiteElo "1423"]
[BlackElo "1152"]
[PlyCount "91"]
[EventDate "2012.??.??"]

1. e4 e5 2. Nf3 Nc6 3. Bc4 Bc5 4. Nc3 Nf6 5. d3 d6 6. Bg5 Bb4 7. a3 Bxc3+ 8.
bxc3 h6 9. Bh4 g5 10. Bg3 Qe7 11. Qd2 Nh5 12. Rb1 b6 13. Qe3 Bb7 14. a4 O-O-O
15. O-O Rdg8 16. Nd2 Rg7 17. Ba2 Nxg3 18. fxg3 g4 19. Nc4 a5 20. Rf2 h5 21.
Rbf1 Nd8 22. Rf6 Rg6 23. Qf2 Rhh6 24. Rxg6 Rxg6 25. Qf5+ Kb8 26. Qxh5 Qg5 27.
Qxg5 Rxg5 28. Ne3 Rg7 29. Rf6 Bc6 30. Bb3 Bd7 31. Rh6 Ka7 32. Rf6 Ne6 33. Nf5
Rh7 34. Nh6 Nc5 35. Nxf7 Nxa4 36. Ng5 Rg7 37. Ne6 Bxe6 38. Bxa4 Bc8 39. Kf2 Bb7
40. h3 gxh3 41. gxh3 Kb8 42. Rf3 Ka7 43. g4 Ka6 44. c4 c6 45. Rf6 b5 46. cxb5+
1-0

[Event "SR 4. liga A21 2012/2013"]
[Site "?"]
[Date "2013.03.17"]
[Round "11.4"]
[White "Mackovic, Matus"]
[Black "Diviak, Rastislav"]
[Result "1/2-1/2"]
[WhiteElo "1871"]
[BlackElo "2017"]
[PlyCount "40"]
[EventDate "2012.??.??"]

1. e4 d6 2. d4 Nf6 3. Nc3 g6 4. Bc4 Bg7 5. Nf3 c6 6. a4 O-O 7. O-O Qc7 8. Bf4
Nbd7 9. Qd2 e5 10. Bh6 Re8 11. Bxg7 Kxg7 12. dxe5 Nxe5 13. Nxe5 dxe5 14. Rad1
Be6 15. Bxe6 Rxe6 16. b3 Ree8 17. f3 Rad8 18. Qe3 Qa5 19. Rxd8 Rxd8 20. Rd1
Rxd1+ 1/2-1/2

[Event "SR 4. liga A21 2012/2013"]
[Site "?"]
[Date "2013.03.17"]
[Round "11.4"]
[White "Mudroch, Martin"]
[Black "Bango, Lukas"]
[Result "0-1"]
[WhiteElo "1309"]
[BlackElo "1722"]
[PlyCount "52"]
[EventDate "2012.??.??"]

1. e4 d6 2. Nf3 Nf6 3. Nc3 g6 4. e5 Nfd7 5. d4 Bg7 6. Bf4 O-O 7. Qd2 c5 8. exd6
exd6 9. Bxd6 Re8+ 10. Be2 cxd4 11. Nxd4 Nb6 12. Ndb5 Nc4 13. Qd5 Be6 14. Qxb7
Nxd6 15. Nxd6 Qxd6 16. Qxa8 Bxc3+ 17. bxc3 Bd5 18. Qxa7 Bxg2 19. Qa4 Qe5 20.
O-O-O Bc6 21. Qb3 Bxh1 22. Bc4 Qf4+ 23. Kb2 Bc6 24. Bxf7+ Qxf7 25. Qxf7+ Kxf7
26. c4 Re2 0-1

[Event "SR 4. liga A21 2012/2013"]
[Site "?"]
[Date "2013.03.17"]
[Round "11.4"]
[White "Slobodnik, Michal"]
[Black "Tokoly, Daniel"]
[Result "1-0"]
[WhiteElo "1785"]
[BlackElo "1499"]
[PlyCount "35"]
[EventDate "2012.??.??"]

1. Nf3 Nc6 2. d4 d5 3. c4 dxc4 4. e3 Bg4 5. Bxc4 e6 6. Bb5 Nf6 7. Nbd2 Bb4 8.
Qa4 Bxf3 9. gxf3 Bxd2+ 10. Bxd2 Qd7 11. Rc1 O-O-O 12. Rxc6 Qd5 13. Rc2 c6 14.
Be2 Kb8 15. Rg1 g6 16. e4 Qxd4 17. Qxd4 Rxd4 18. Bc3 1-0

[Event "SR 4. liga A21 2012/2013"]
[Site "?"]
[Date "2013.03.17"]
[Round "11.5"]
[White "Berger, Patrik"]
[Black "Lanik, Miroslav"]
[Result "1/2-1/2"]
[WhiteElo "1930"]
[BlackElo "1945"]
[PlyCount "57"]
[EventDate "2012.??.??"]

1. e4 e5 2. Nf3 Nc6 3. Bb5 a6 4. Ba4 Nf6 5. O-O Nxe4 6. d4 b5 7. Bb3 d5 8. dxe5
Be6 9. c3 Be7 10. Nbd2 Nc5 11. Bc2 Bg4 12. h3 Bh5 13. Qe2 O-O 14. Re1 Ne6 15.
Nb3 Bg6 16. Nbd4 Ncxd4 17. Nxd4 Nxd4 18. cxd4 Bxc2 19. Qxc2 Qd7 20. Be3 c6 21.
Rac1 Rac8 22. Qd3 Rfe8 23. Bf4 c5 24. dxc5 Bxc5 25. Red1 d4 26. Qe4 f6 27. b4
Bb6 28. Rxc8 Qxc8 29. Qd5+ 1/2-1/2

[Event "SR 4. liga A21 2012/2013"]
[Site "?"]
[Date "2013.03.17"]
[Round "11.5"]
[White "Brisudova, Veronika"]
[Black "Kubik, Peter"]
[Result "0-1"]
[WhiteElo "1881"]
[BlackElo "1720"]
[PlyCount "56"]
[EventDate "2012.??.??"]

1. e4 d5 2. exd5 Qxd5 3. Nc3 Qa5 4. Nf3 Nf6 5. Bc4 Bg4 6. O-O e6 7. Re1 Nbd7 8.
a3 c6 9. h3 Bh5 10. d4 O-O-O 11. b4 Bxb4 12. Ne4 Bxe1 13. Nd6+ Kb8 14. Bf4 Ka8
15. g4 Bc3 16. Rb1 Nb6 17. gxh5 Rxd6 18. Rxb6 Rxd4 19. Nxd4 axb6 20. Nb3 Qxh5
21. Qf1 Qg6+ 22. Kh2 Qxc2 23. Nc1 Qe4 24. Bg3 Rd8 25. Bd3 Qe1 26. Qg2 Qxc1 27.
Ba6 Qb2 28. Bc7 Be5+ 0-1

[Event "SR 4. liga A21 2012/2013"]
[Site "?"]
[Date "2013.03.17"]
[Round "11.5"]
[White "Palka, Miroslav"]
[Black "Vepy, Ivan"]
[Result "1-0"]
[WhiteElo "1924"]
[BlackElo "1921"]
[PlyCount "121"]
[EventDate "2012.??.??"]

1. c4 Nf6 2. Nc3 e5 3. e4 d6 4. h3 Be7 5. g3 Nc6 6. Bg2 O-O 7. Nge2 Nd4 8. O-O
c6 9. d3 Ne8 10. Be3 Nxe2+ 11. Qxe2 f5 12. f4 fxe4 13. Bxe4 Nf6 14. Bg2 Be6 15.
d4 exd4 16. Bxd4 Bf7 17. b3 Re8 18. Qf2 Qa5 19. Ne4 Nxe4 20. Bxe4 d5 21. cxd5
Bxd5 22. Bxd5+ Qxd5 23. Rad1 Qh5 24. Kh2 Rad8 25. g4 Qb5 26. Rfe1 c5 27. Be5
Bh4 28. Qf1 Qc6 29. Re3 b5 30. Red3 Rxd3 31. Rxd3 Bf6 32. Rd6 Qb7 33. Bxf6 gxf6
34. Qd3 Qe4 35. Qxe4 Rxe4 36. Kg3 Re2 37. Ra6 c4 38. bxc4 bxc4 39. Rxa7 c3 40.
Rc7 Rxa2 41. Rxc3 Ra6 42. Rc7 Re6 43. Kf3 Re1 44. h4 Rf1+ 45. Ke4 Ra1 46. Kf5
Ra6 47. g5 fxg5 48. hxg5 Ra4 49. Re7 Ra8 50. Kf6 Rf8+ 51. Ke5 Rb8 52. f5 Rb5+
53. Kf6 Rb6+ 54. Re6 Rb8 55. g6 hxg6 56. Kxg6 Kf8 57. Re5 Rb6+ 58. f6 Rb1 59.
Rg5 Rb6 60. Ra5 Rb8 61. Ra7 1-0

[Event "SR 4. liga A21 2012/2013"]
[Site "?"]
[Date "2013.03.17"]
[Round "11.5"]
[White "Tokos, Rastislav"]
[Black "Jarabek, Milan"]
[Result "1-0"]
[WhiteElo "1858"]
[BlackElo "1663"]
[PlyCount "101"]
[EventDate "2012.??.??"]

1. e4 c5 2. Nf3 d6 3. d4 cxd4 4. Nxd4 Nf6 5. Nc3 a6 6. Bd3 Nc6 7. Nxc6 bxc6 8.
O-O e6 9. h3 Be7 10. Bf4 O-O 11. Re1 Rb8 12. b3 e5 13. Bg3 Be6 14. Ne2 a5 15.
Qd2 Nh5 16. Bh2 Bg5 17. Qd1 Qd7 18. g4 Nf4 19. Nxf4 exf4 20. Qf3 h5 21. gxh5
Bxh3 22. Bxf4 Bg4 23. Qg3 Bxf4 24. Qxf4 Bxh5 25. Re3 Qg4+ 26. Qxg4 Bxg4 27. Kg2
Rfe8 28. Rae1 a4 29. e5 d5 30. f4 axb3 31. axb3 c5 32. Rg3 Bd7 33. Rh1 Rb4 34.
Rh7 g6 35. Bxg6 fxg6 36. Rxd7 Rxf4 37. Rxg6+ Kf8 38. Rxd5 c4 39. b4 c3 40. b5
Re4 41. e6 R4xe6 42. Rxe6 Rxe6 43. Kf3 Re1 44. Rc5 Rb1 45. Ke3 Ke7 46. Kd4 Kd6
47. Rh5 Kc7 48. Kc5 Rb2 49. Rh7+ Kb8 50. Kc6 Rxc2 51. b6 1-0

[Event "SR 4. liga A21 2012/2013"]
[Site "?"]
[Date "2013.03.17"]
[Round "11.5"]
[White "Zlamal, Marek"]
[Black "Barcaj, Jaroslav"]
[Result "0-1"]
[WhiteElo "1551"]
[BlackElo "1586"]
[PlyCount "74"]
[EventDate "2012.??.??"]

1. e4 c5 2. Nf3 d6 3. d3 e6 4. c3 Nf6 5. Bg5 Be7 6. Nbd2 Nc6 7. a4 b6 8. Be2
Bb7 9. O-O Qc7 10. d4 cxd4 11. cxd4 O-O 12. Rc1 Qd7 13. Bd3 Rac8 14. Re1 Nb4
15. Bb5 Bc6 16. Bxc6 Rxc6 17. Qb3 Rxc1 18. Rxc1 a5 19. Ne1 h6 20. Bh4 g5 21.
Bg3 Rc8 22. Rxc8+ Qxc8 23. f3 Nh5 24. Qc4 Qd7 25. b3 Nxg3 26. hxg3 d5 27. exd5
exd5 28. Qe2 Bf6 29. Nd3 Bxd4+ 30. Kh2 Nc2 31. Nf1 Na1 32. Qa2 Qc7 33. Nb2 Qc1
34. Ne3 Bxe3 35. Nd3 Qg1+ 36. Kh3 f5 37. g4 Qh1+ 0-1

[Event "SR 4. liga A21 2012/2013"]
[Site "?"]
[Date "2013.03.17"]
[Round "11.6"]
[White "Kosiarcik, Maximilian"]
[Black "Perickova, Jana"]
[Result "1-0"]
[WhiteElo "1000"]
[BlackElo "1548"]
[PlyCount "55"]
[EventDate "2012.??.??"]

1. e4 e5 2. Nf3 Nc6 3. Bc4 Bc5 4. c3 Qf6 5. O-O d6 6. d3 h6 7. Be3 Bg4 8. Nbd2
O-O-O 9. b4 Bb6 10. a4 Nge7 11. Bxb6 axb6 12. a5 bxa5 13. bxa5 d5 14. exd5 Nxd5
15. Qb3 Nf4 16. Rfb1 Rhe8 17. Qxb7+ Kd7 18. Ne4 Qe7 19. Bb5 Rb8 20. Qxc6+ Kd8
21. Qxe8+ Qxe8 22. Bxe8 Rxb1+ 23. Rxb1 Kxe8 24. a6 Bd7 25. Nxe5 Nd5 26. Nxd7
Kxd7 27. a7 Nb6 28. Rxb6 1-0

[Event "SR 4. liga A21 2012/2013"]
[Site "?"]
[Date "2013.03.17"]
[Round "11.6"]
[White "Lajda, Dusan"]
[Black "Skapik, Branislav"]
[Result "1/2-1/2"]
[WhiteElo "1838"]
[BlackElo "1857"]
[PlyCount "35"]
[EventDate "2012.??.??"]

1. e4 d5 2. exd5 Nf6 3. Nf3 Nxd5 4. Bc4 Bg4 5. d4 e6 6. O-O Be7 7. c3 O-O 8.
Re1 c5 9. Be2 Nc6 10. Nbd2 Nf4 11. dxc5 Bxc5 12. b4 Nxe2+ 13. Qxe2 Be7 14. h3
Bh5 15. b5 Nb8 16. Ne4 Qa5 17. Bb2 Bxf3 18. gxf3 1/2-1/2